| 000 | 00832nam a2200217 a 4500 | ||
|---|---|---|---|
| 650 | 4 | _aParques Naturales del trópico | |
| 999 |
_c6815 _d6815 |
||
| 005 | 20200124082830.0 | ||
| 008 | 140130b2008 ck ||||| |||| 00| 0 spa d | ||
| 040 |
_aCO-BoIAVH _cCO-BoIAVH |
||
| 041 | _aspa | ||
| 044 | _ack | ||
| 090 |
_aIAVH _b01274 |
||
| 100 | 1 | _aSalgado-Londoño, José Abelardo | |
| 245 | 1 | 0 |
_aSistematización del proceso de formulación del plan de manejo del Parque Natural Regional Páramo del Duende y su zona amortiguadora _bInforme final |
| 260 |
_aBogotá : _bInstituto de Investigación de Recursos Biológicos Alexander von Humboldt, _c2008. |
||
| 300 |
_a158 p. _c28 cm. |
||
| 650 | 4 | _aPlanes de manejo | |
| 651 |
_aColombia _zPáramo del Duende |
||
| 856 | _uhttp://hdl.handle.net/20.500.11761/31231 | ||
| 942 |
_cINFORME _2z |
||